Ganadores de la Europa League - Estadísticas

Estadísticas generales
  • Esta prueba ha sido intentada 92 veces
  • La puntuación promedio es 10 de 52
Estadísticas de respuestas
Pregunta Respuesta % Correcto
2023 Sevilla
77%
2014 Sevilla
63%
2015 Sevilla
63%
2016 Sevilla
62%
2020 Sevilla
62%
2021 Villareal
51%
2018 Atletico de Madrid
49%
2006 Sevilla
49%
2019 Chelsea
48%
2007 Sevilla
47%
2012 Atletico de Madrid
43%
2022 Eintracht Frankfurt
43%
2017 Manchester United
42%
1972 Tottenham
39%
2013 Chelsea
37%
2010 Atletico de Madrid
32%
2004 Valencia
20%
1973 Liverpool
15%
2011 Oporto
15%
1985 Real Madrid
14%
1986 Real Madrid
14%
2008 Zenit
13%
2003 Oporto
10%
2005 CSKA Moscú
9%
2001 Liverpool
9%
1995 Parma
8%
1999 Parma
8%
2000 Galatasaray
6%
1977 Juventus
6%
1976 Liverpool
6%
2002 Feyenoord
5%
1993 Juventus
5%
1978 PSV
5%
1997 Schalke 04
5%
2009 Shakhtar Donestk
5%
1984 Tottenham
5%
1983 Anderlecht
4%
1988 Bayer Leverkusen
4%
1996 Bayern Munich
4%
1975 Borussia Monchengladbach
4%
1979 Borussia Monchengladbach
4%
1982 Goteborg
4%
1991 Inter de Milan
4%
1994 Inter de Milan
4%
1998 Inter de Milan
4%
1981 Ipswich Town
4%
1990 Juventus
4%
1989 Napoles
4%
1992 Ayax
1%
1980 Eintracht Francfurt
0%
1974 Feyernoord
0%
1987 Goterborg
0%
No se encontraron pruebas coincidentes
Distribución de puntuación
Porcentaje de gente con cada puntuación
Porcentaje por número respondido
Historial de tus puntuaciones
No has intentado esta prueba.